|
|
|
|
| LEADER |
00881nam a2200217 a 4500 |
| 001 |
6098033 |
| 008 |
100103s1962 nyua b 001 0 eng d |
| 010 |
|
|
|a \\\62017298
|
| 040 |
|
|
|a DLC
|c PP
|d MoSU-L
|d OCoLC
|d ODaWU
|d DLC
|d BD-DhAAL
|
| 082 |
|
|
|a 320.954
|2 19
|
| 100 |
1 |
|
|a Tinker, Hugh.
|
| 245 |
1 |
0 |
|a India and Pakistan :
|b a political analysis /
|c Hugh Tinker.
|
| 260 |
|
|
|a New York :
|b Praeger,
|c c1962.
|
| 300 |
|
|
|a 228 p. :
|b ill. ;
|c 21 cm.
|
| 504 |
|
|
|a Includes bibliographical references (p. 217-220) and index.
|
| 541 |
1 |
|
|e 00004596
|
| 651 |
|
0 |
|a India
|x Politics and government
|y 1947-
|
| 651 |
|
0 |
|a Pakistan
|x Politics and government.
|
| 852 |
4 |
|
|a Ayesha Abed Library
|j General shelf
|
| 999 |
|
|
|c 6672
|d 6672
|
| 952 |
|
|
|0 0
|1 0
|2 ddc
|4 0
|6 320_954000000000000_TIN_1965
|7 0
|9 6832
|a BRACUL
|b BRACUL
|c GEN
|d 2010-01-04
|g 0.00
|l 0
|o 320.954 TIN
|p 3010004596
|r 2010-01-04
|t 1
|w 2010-01-04
|y BK
|z Not price in Register
|